000 00960nam0a22002651 4500
001 rc\2768412
005 20250806203423.0
035 _a(NLR Aleph) 006894826
090 _a15548
_c15548
100 _a20110915d1941 u y0rusy50 ca
101 0 _arus
102 _aRU
105 _aa z |||||
200 1 _aПроцесс образования кожи при растительном дублении
_e(Теория растител. дубления)
210 _aМосква
_aЛенинград
_cГизлегпром
_d1941
_eЛенинград
215 _a110 с.
_cчерт.
_d23 см.
320 _aБиблиогр. в конце глав
700 1 _aАрбузов
_bГ.А.
_f1892-
_gГеоргий Александрович
801 0 _aRU
_bNLR
_gpsbo
801 1 _aRU
_bELAR
_2rusmarc
852 _aNLR
_jТ60 Г-5/6
942 _cBOOK
945 _aРоссийская национальная библиотека
980 _aNB
980 _aBV